[Event "World Cup"]
[Site "Reykjavik"]
[Date "1991.??.??"]
[Round "8"]
[White "Hjartarson, Johann"]
[Black "Ehlvest, Jaan"]
[Result "0-1"]
[WhiteElo "2550"]
[BlackElo "2605"]
[Annotator "Ftacnik,L"]
[PlyCount "56"]
[EventDate "1991.09.??"]
[EventType "tourn"]
[EventRounds "15"]
[EventCountry "ISL"]
[EventCategory "16"]
[SourceTitle "CBM 026"]
[Source "ChessBase"]
[SourceDate "1992.02.01"]
[SourceVersion "1"]
[SourceVersionDate "1992.02.01"]
[SourceQuality "1"]

1. d4 d5 2. c4 dxc4 3. e3 Nf6 4. Bxc4 e6 5. Nc3 a6 6. Nf3 b5 7. Bd3 Bb7 8. O-O
c5 9. dxc5 Bxc5 10. a4 $6 {N} (10. a3 O-O 11. b4 Bd6 12. Bb2 $10) 10... b4 11.
Ne2 $6 (11. Nb1 O-O 12. Qe2 $13) 11... Nbd7 12. Ng3 (12. b3 Bxf3 13. gxf3 Ne5)
12... h5 $1 13. h4 Bd6 $1 14. Ng5 Nc5 15. Be2 Bxg3 16. fxg3 Qxd1 17. Bxd1 a5 $1
$17 18. Bf3 Bxf3 19. gxf3 Nfd7 20. Rd1 Ke7 (20... Nb6 $6 21. e4 Ncxa4 22. Be3
Nc4 23. Rxa4 Nxe3 24. Rc1) 21. e4 f6 22. Nh3 Nb3 23. Rb1 (23. Ra2 Rhc8 24. Be3
Rc2 $19) 23... Ne5 24. Rf1 Rac8 25. Bf4 (25. Be3 Rc2 26. Rf2 Rhc8 $17) 25...
Nc4 26. Rfd1 e5 27. Be3 $2 (27. Bc1 Rhd8 $19) 27... Nxe3 28. Rd3 Nc4 {Ftacnik,L
} (28... Nc4 29. Rxb3 Nd2 $19) 0-1

[Event "Porz Citroen-Cup"]
[Site "Cologne"]
[Date "1990.??.??"]
[Round "7"]
[White "Bany, Jerzy"]
[Black "Schulz, Klaus Juergen"]
[Result "1-0"]
[WhiteElo "2430"]
[BlackElo "2385"]
[Annotator "Ftacnik,L"]
[PlyCount "75"]
[EventDate "1990.12.??"]
[EventType "tourn"]
[EventRounds "9"]
[EventCountry "GER"]
[EventCategory "7"]
[SourceTitle "CBM 021"]
[Source "ChessBase"]
[SourceDate "1991.04.01"]
[SourceVersion "1"]
[SourceVersionDate "1991.04.01"]
[SourceQuality "1"]

1. d4 d5 2. Nf3 Nf6 3. c4 dxc4 4. e3 e6 5. Bxc4 c5 6. O-O a6 7. b3 b5 8. Be2
Bb7 9. Bb2 Nbd7 10. Nbd2 Be7 11. a4 bxa4 (11... b4 12. Rc1) 12. Rxa4 Nb6 (12...
O-O 13. Ra2 Nb6 14. Qa1 $5) 13. Ra1 O-O 14. Ne5 Nfd7 $6 (14... cxd4 15. Bxd4
Nbd7 (15... Nfd7 16. Bf3 Bxf3 17. Ndxf3 Nxe5 18. Nxe5 Nd5 19. Nc6 $14) 16. Bf3
Bxf3 17. Ndxf3 Nxe5 18. Nxe5 Qd5 $10) 15. Bf3 $1 Bxf3 16. Ndxf3 Nxe5 (16...
cxd4 $2 17. Nc6 Qe8 18. Nxe7+ Qxe7 19. Ba3 $18) (16... Bd6 $5 $14) 17. Nxe5 Nd5
$2 (17... Qd5 18. Ra5 $14) 18. Nc6 Qc7 19. Nxe7+ Qxe7 20. dxc5 Rfc8 21. Qg4 f6
(21... f5 22. Qd4) (21... Nf6 22. Bxf6 Qxf6 23. Qc4 $16) (21... e5 22. Qe4 $16)
22. e4 Nc7 (22... Nb4 23. e5 Nd3 24. exf6 Qf7 25. Qe2 Nxb2 26. fxg7 $1 Qxg7 27.
Rab1 $18) 23. Rfd1 Rab8 24. Rd3 Rd8 25. Rad1 Rxd3 26. Rxd3 Rd8 (26... Qxc5 27.
Bxf6 g6 28. h4 $16) 27. Rd6 $1 Kf8 $6 (27... Rxd6 28. cxd6 Qxd6 29. Bxf6 Ne8
30. Bc3 $16) 28. Qd1 Ke8 29. e5 f5 (29... Nd5 30. exf6 (30. Rxa6 $2 Ne3 $1)
30... gxf6 31. Qh5+ Kf8 32. Rxd8+ Qxd8 33. Qxh7 $18) 30. Qh5+ g6 31. Qe2 Qh4
32. h3 Qb4 33. Qd1 Rxd6 34. Qxd6 $1 Qe1+ 35. Kh2 Qxf2 36. Qxc7 Qf4+ 37. Kg1
Qe3+ 38. Kh1 {Ftacnik,L} 1-0

[Event "Sydney Cepacol"]
[Site "Sydney"]
[Date "1991.??.??"]
[Round "3"]
[White "Miles, Anthony John"]
[Black "Davidovic, Aleksandar"]
[Result "1-0"]
[WhiteElo "2585"]
[BlackElo "2425"]
[Annotator "Ftacnik,L"]
[PlyCount "103"]
[EventDate "1991.01.??"]
[EventType "tourn"]
[EventRounds "9"]
[EventCountry "AUS"]
[EventCategory "9"]
[SourceTitle "CBM 023"]
[Source "ChessBase"]
[SourceDate "1991.08.01"]
[SourceVersion "1"]
[SourceVersionDate "1991.08.01"]
[SourceQuality "1"]

1. d4 d5 2. c4 dxc4 3. Nf3 c5 4. e3 e6 5. Bxc4 Nf6 6. O-O a6 7. b3 b5 8. Be2
Bb7 9. a4 bxa4 (9... b4 10. Bb2 Nbd7 11. Nbd2 Be7 12. Nc4 $14) 10. bxa4 Nbd7
11. Nbd2 Nd5 12. Bb2 cxd4 13. Nxd4 Bb4 (13... Be7 14. Nxe6 $1 fxe6 15. Bxg7 Bf6
16. Bxh8 Bxh8 $16) 14. Rc1 Rc8 15. Rxc8 Qxc8 16. Ne4 O-O 17. Qb1 Qa8 $6 (17...
h6 $1 $14) 18. Ng5 $1 g6 (18... N5f6 19. Rd1 h6 20. Ndxe6 $3 hxg5 (20... fxe6
21. Rxd7 hxg5 22. Qg6 $18) 21. Nxg5 Ne4 22. Rxd7 Nxg5 23. Qf5 Ne6 24. Bd3 $18)
19. Qe4 $1 Re8 $1 20. Qh4 Nf8 21. Bc4 Be7 22. Ndf3 (22. Ndxe6 fxe6 23. Bxd5
Bxg5 $1 (23... Bxd5 $2 24. Qd4 $18) 24. Qxg5 exd5 25. Qf6 d4 26. Bxd4 Ne6 27.
Qh8+ $16) (22. Qh6 $5 Bf6 23. Ne4 Bh8 $1 $13 (23... Bg7 $2 24. Qxg7+ $1 Kxg7
25. Nf5+ Kg8 26. Nh6#)) 22... Qd8 23. Qh6 Bf6 24. Ne5 $1 Re7 (24... Bxg5 25.
Nxf7 $1 Bxh6 26. Nxh6#) 25. e4 Qc7 (25... Nb6 26. Nc6 $1 $18) (25... Bg7 26.
Qxg7+ Kxg7 27. Nexf7+ $18) 26. Ngf3 Bg7 (26... Nb6 27. Bb3 $16) 27. Qh4 Bf6 28.
Qg3 Nb6 29. Bb3 Bg7 30. Ba3 Re8 31. Rc1 Qb8 (31... Qd8 32. Nxf7 Kxf7 33. Rc7+
$18) 32. a5 Nbd7 (32... Na8 33. Ba4 Rc8 34. Nc6 $18) 33. Nxd7 Nxd7 34. Ba4 Rd8
35. Bd6 Rc8 (35... Qa8 36. Bc7 $18) 36. Rd1 Qa7 37. Bxd7 Rc2 38. Ba4 Ra2 39.
Be7 h6 40. Rd8+ Kh7 41. Ng5+ $1 hxg5 42. Qh3+ Bh6 43. Rh8+ Kxh8 44. Qxh6+ Kg8
45. Qf8+ Kh7 46. Qxf7+ Kh6 47. Bf8+ Kh5 48. Qh7+ Kg4 49. Qh3+ Kf4 50. Qf3+ Ke5
51. Bg7+ Kd6 52. Qf8+ {Ftacnik,L} (52. Qf8+ Kc7 53. Be5#) 1-0

[Event "St Stefan/Belgrade m"]
[Site "Belgrade"]
[Date "1992.??.??"]
[Round "18"]
[White "Spassky, Boris Vasilievich"]
[Black "Fischer, Robert James"]
[Result "1/2-1/2"]
[WhiteElo "2560"]
[BlackElo "2785"]
[Annotator "Ftacnik,L"]
[PlyCount "72"]
[EventDate "1992.09.??"]
[EventType "match"]
[EventRounds "30"]
[EventCountry "YUG"]
[SourceTitle "CBM 031"]
[Source "ChessBase"]
[SourceDate "1992.12.01"]
[SourceVersion "1"]
[SourceVersionDate "1992.12.01"]
[SourceQuality "1"]

1. d4 d5 2. c4 dxc4 3. Nf3 e6 4. e3 Nf6 5. Bxc4 a6 6. O-O c5 7. dxc5 Qxd1 8.
Rxd1 Bxc5 9. Nbd2 O-O (9... Nbd7 10. a3 b5 11. Be2 Bb7 12. b4 Be7 13. Bb2 Rc8
14. Nb3 O-O 15. Na5 Ba8 16. Rac1 Nd5 17. Kf1 $10 {Ivkov,B-Nikolic,Pr/
Jugoslavija ch/1982/}) 10. a3 b5 11. Be2 Bb7 12. b4 Be7 13. Bb2 Nbd7 14. Rac1
Rfc8 (14... Rac8 15. Kf1 Nb6 16. Nd4 Nfd5 17. Bf3 $10 {Lengyel-Barczay/Hungary
ch/1977/}) 15. Nb3 Rxc1 16. Rxc1 Rc8 17. Rxc8+ Bxc8 18. Nfd4 Nb8 (18... Bb7 19.
Na5 Bd5 20. f3 $14 (20. Bf3 Ne4 $13)) 19. Bf3 (19. Nc5 Nfd7 (19... e5 $6 20.
Ndb3 Nfd7 21. Bf3 $14) 20. Ndb3 Nxc5 21. Nxc5 Nd7 $10) 19... Kf8 20. Na5 Bd6 (
20... Ke8 21. Nb7 Kd7 22. Nb3 $14) 21. Ndb3 e5 22. Nc5 (22. Nb7 Bc7 23. N3c5
Bg4 $5 (23... e4 24. Be2 Nfd7 25. Bg4 Nxc5 26. Bxc8 Nd3 27. Bc3 g6 $14) 24.
Bxg4 Nxg4 25. h3 Nf6 $10) 22... Ke7 23. h3 (23. Nab7 Bc7 24. h3 Nfd7 25. Bg4
Nb6 $5 26. Bxc8 Nxc8 $10) 23... Nfd7 24. Nd3 (24. Nxd7 Bxd7 25. Bb7 Bc7 26. Nb3
Bc6 $10) (24. Ne4 Bc7 25. Nc3 Nb6 $10) 24... f6 25. Be4 g6 26. f4 exf4 27. exf4
Nb6 28. Nb7 (28. Kf2 Nc4 $132) 28... Bc7 29. Nbc5 Nc4 30. Bc1 Nd7 31. Kf1 Nxc5
32. Nxc5 (32. bxc5 a5 $10) 32... Bb6 33. Bd3 Bxc5 34. bxc5 Be6 35. Kf2 Kd7 36.
Bxc4 Bxc4 1/2-1/2

[Event "Munich SKA"]
[Site "Munich"]
[Date "1993.??.??"]
[Round "5"]
[White "Lutz, Christopher"]
[Black "Huebner, Robert"]
[Result "1-0"]
[WhiteElo "2550"]
[BlackElo "2620"]
[Annotator "Ftacnik,L"]
[PlyCount "63"]
[EventDate "1993.05.??"]
[EventType "tourn"]
[EventRounds "11"]
[EventCountry "GER"]
[EventCategory "16"]
[SourceTitle "CBM 036"]
[Source "ChessBase"]
[SourceDate "1993.10.01"]
[SourceVersion "1"]
[SourceVersionDate "1993.10.01"]
[SourceQuality "1"]

1. Nf3 d5 2. c4 dxc4 3. e3 Nf6 4. Bxc4 e6 5. O-O a6 6. d4 c5 7. a4 Nc6 8. Qe2
Qc7 9. Rd1 (9. Bd2 Bd6 10. dxc5 Bxc5 11. Bc3 O-O 12. Nbd2 e5 13. Rac1 Qe7 14.
Ba2 Bf5 15. e4 Bg4 16. h3 Bd7 17. Nc4 Be6 18. Ncxe5 Bxa2 19. Nxc6 Qxe4 20. Qxe4
Nxe4 21. Bb4 {0,5/Speelman,J-Huebner,R/Barcelona WCup/1989/}) 9... Bd6 10. dxc5
Bxc5 11. b3 O-O 12. Bb2 e5 13. h3 Qe7 14. Nc3 e4 $5 (14... Be6 15. Nd5 Nxd5 16.
Bxd5 Bxd5 17. Rxd5 Rad8 18. Rad1 e4 (18... Bd6 19. Qc4 Bc7 20. e4 h6 21. g3 Kh7
22. Kg2 f6 23. Nh4 Rf7 24. Rxd8 $14 {Panczyk-Radulov/Polanica Zdroj/1982/0.5 
(36)}) 19. Ne5 Rxd5 20. Rxd5 Rd8 21. Nxc6 bxc6 22. Re5 Qd6 23. Rxe4 Qd1+ 24.
Qxd1 $16 {Pinter,J-Radulov,I/Baile Herculane zt/1982/1-0 (49)}) 15. Nd2 (15.
Nd4 Nxd4 16. exd4 Bd6 $13) 15... Bf5 16. Nf1 (16. Nd5 Nxd5 17. Bxd5 Nb4 18. Bc4
Qg5 $36) 16... Rad8 17. Ng3 Bg6 18. Rxd8 (18. Nd5 Nxd5 19. Rxd5 Rxd5 20. Bxd5
Nb4 $10) 18... Rxd8 19. Rd1 Nb4 (19... Rxd1+ 20. Qxd1 Ne5 21. Nd5 Nxd5 22. Qxd5
$1 $14) 20. Rxd8+ Qxd8 21. Nb1 Ne8 (21... Nd3 22. Bxf6 gxf6 (22... Qxf6 23.
Nxe4 Bxe4 24. Bxd3 $16) 23. Nc3 $16) 22. Nd2 Nd6 23. Qg4 b5 (23... Nxc4 24.
Nxc4 Bf8 25. h4 $36) 24. axb5 axb5 25. Bf1 (25. Ngxe4 $2 Nxc4 26. bxc4 f5 $19)
25... f5 26. Qd1 Qe7 27. Qc1 Qa7 28. Be5 Nf7 $4 (28... Nd3 29. Bxd3 exd3 30.
Bxd6 Bxd6 31. Qc8+ Bf8 32. Nxf5 Qa1+ 33. Kh2 Qe5+ 34. Ng3 h5 35. Kg1 $14) (
28... Qb6 29. Bxd6 Qxd6 30. Bxb5 Nd3 $14) 29. Bd4 $1 Na6 (29... Bxd4 30. Qc8+
Nd8 31. Qxd8+ Kf7 32. Qxd4 $18) 30. b4 f4 31. Ne2 fxe3 32. fxe3 (32. fxe3 Bxd4
33. Qc8+ $18) 1-0

[Event "RUS-ch"]
[Site "Elista"]
[Date "1996.??.??"]
[Round "9"]
[White "Filippov, Valerij"]
[Black "Volzhin, Alexander"]
[Result "1/2-1/2"]
[WhiteElo "2565"]
[BlackElo "2485"]
[Annotator "Ftacnik,L"]
[PlyCount "82"]
[EventDate "1996.10.15"]
[EventType "swiss"]
[EventRounds "11"]
[EventCountry "RUS"]
[SourceTitle "CBM 056"]
[Source "ChessBase"]
[SourceDate "1997.02.01"]
[SourceVersion "1"]
[SourceVersionDate "1997.02.01"]
[SourceQuality "1"]

1. Nf3 d5 2. d4 Nf6 3. c4 dxc4 4. e3 e6 5. Bxc4 c5 6. O-O a6 7. Bd3 cxd4 8.
exd4 Be7 9. Ne5 Nc6 (9... O-O $6 10. Nc3 Nc6 (10... Bd7 11. Qf3 Bc6 12. Qg3 $40
) 11. Nxc6 bxc6 12. Bg5 (12. Be3 Nd5 13. Rc1 Nxe3 14. fxe3 e5 $10 15. Qh5 $140
f5) 12... a5 13. Rc1 Ba6 14. Bxa6 Rxa6 15. Qe2 Rb6 (15... Ra7 16. Na4 Rd7 17.
Be3 {/\ Qa6+/-}) 16. Be3 Nd5 17. Na4 Rb4 18. b3 Bf6 {1/2-1/2 Gelfand,B-Huebner,
R/Wijk/1996 (25)}) (9... b5 10. Qf3 Qd5 11. Qg3 $40) 10. Nxc6 bxc6 11. Qc2 (11.
Nc3 Qxd4) 11... Bb7 12. Rd1 Qc7 13. Nd2 {0,5/Dreev,A-Anand,V/Wijk/1996/} c5 $1
{Black wants to get rid of the only real weakness. Schwarz will sich von
seiner einzigen Schwäche befreien.} 14. Nb3 Qc6 15. f3 cxd4 (15... Rc8 $6 16.
Nxc5 $16) 16. Qxc6+ Bxc6 17. Nxd4 Bb7 18. Be3 O-O 19. Nb3 a5 (19... Rfd8 20.
Na5 Bd5 21. Rac1 Rab8 22. b3 $13) 20. Bc5 Bxc5+ 21. Nxc5 Bd5 22. Kf2 Rfc8 (
22... a4 $5 23. b4 a3 24. Rd2 $14) 23. Na4 Rab8 24. b3 Kf8 25. Rac1 Ke7 26. Nb2
(26. Rxc8 Rxc8 27. Nb6 Rd8 28. Nxd5+ exd5 $10) 26... Nd7 27. Ke3 Ne5 28. Be4 (
28. Be2 f5 29. Nc4 Nxc4+ 30. bxc4 Bc6 $10) 28... Rxc1 29. Rxc1 Kd6 30. Rd1 {
White's only hope is the modest majority on the queenside. Die einzige weiße
Hoffnung ist mit der kleinen Majorität am Damenflügel verbunden.} (30. Bxd5
exd5 $10) 30... Rc8 31. f4 Ng4+ (31... Nc6 32. Nc4+ Kc5 33. Bxd5 exd5 34. Ne5
$14 (34. Rxd5+ $2 Kxd5 35. Nb6+ Kd6 36. Nxc8+ Kc7 $19)) 32. Kf3 Nf6 (32... f5
33. Nc4+ Kc5 34. Bxd5 exd5 35. Ne5 Nxe5+ 36. fxe5 Re8 37. Kf4 g6 $10) 33. Nc4+
Ke7 34. Bxd5 Nxd5 (34... exd5 35. Nxa5 $14) 35. Rd4 (35. Nxa5 Rc3+ 36. Kf2 (36.
Ke4 $2 Rc5 37. Nc4 Rxc4+ 38. bxc4 Nc3+ $19) 36... Nxf4 $10) 35... Rc5 36. a3 (
36. g4 h6 37. h4 g6 $10) 36... f5 37. Ke2 Kf6 38. Kd2 h6 39. h4 g5 40. hxg5+
hxg5 41. g3 gxf4 (41... gxf4 42. gxf4 Rb5 $10) 1/2-1/2

[Event "RUS-Cup4"]
[Site "Perm"]
[Date "1997.??.??"]
[Round "5"]
[White "Volzhin, Alexander"]
[Black "Zakharov, Alexander V"]
[Result "0-1"]
[WhiteElo "2505"]
[BlackElo "2375"]
[Annotator "Ftacnik,L"]
[PlyCount "60"]
[EventDate "1997.02.02"]
[EventType "swiss"]
[EventRounds "9"]
[EventCountry "RUS"]
[SourceTitle "CBM 058"]
[Source "ChessBase"]
[SourceDate "1997.06.01"]
[SourceVersion "1"]
[SourceVersionDate "1997.06.01"]
[SourceQuality "1"]

1. d4 d5 2. c4 dxc4 3. e3 Nf6 4. Bxc4 e6 5. Nf3 c5 6. O-O a6 7. b3 cxd4 8. Nxd4
Bd7 9. Bb2 Be7 10. Nd2 Nc6 11. Be2 (11. Rc1 O-O 12. N2f3 Rc8 13. Qe2 Nxd4 14.
Bxd4 Qa5 15. Ne5 Bb5 16. Qf3 Bxc4 17. bxc4 Bd6 18. c5 Bxc5 19. Nc4 Qd8 20. Bxf6
Qxf6 21. Qxb7 {1/2-1/2 Muse,M-Brunner,L/BL 9596/1996 (34)}) (11. N2f3 O-O 12.
Qe2 (12. Rc1 Rc8 13. Qe2 Qa5 14. a3 Qh5 15. b4 Nxd4 16. Bxd4 a5 17. Ne5 Qxe2
18. Bxe2 axb4 19. axb4 Bxb4 20. Rb1 Bc5 {1/2-1/2 Taimanov,M-Benko,P/WchS-Bad
Woerishofen (05)/1992}) 12... Nxd4 13. Bxd4 Bc6 (13... Qe8 $5 14. a4 (14. Ne5
Bb5 15. Bxb5 Qxb5 16. Qxb5 axb5 $11) 14... Bc6 15. Ne5 Bd5 16. Bxd5 Nxd5 17. e4
Nb4 $6 (17... Nf6 18. Ng4 $1 $36) (17... Nf4 $5 18. Qg4 Ng6) 18. Rac1 $1 Rc8 (
18... f6 19. Nc4 Nc6 20. Bb6 $14) 19. Qg4 Rxc1 $6 20. Rxc1 Bf6 21. Bc5 $2 (21.
Rc4 $1 a5 22. Nd7 $1 Bxd4 23. Rxd4 f5 24. Qd1 $16) 21... Qc8 $1 {1/2-1/2
Chekhov,V-Hansen,L.Bo/GER/1996 (30)}) 14. Ne5 Bd5 15. Bd3 (15. Rad1 Qa5 16.
Bxd5 Nxd5 17. Nc4 Qb5 18. e4 Nf6 19. Rd3 $14) 15... Ne4 16. Rfd1 Qe8 17. Nc4
Rd8 18. Qg4 Nf6 19. Qg3 Nh5 20. Qh3 f5 21. f3 {1-0 Dzindzichashvili,R-Sherzer,
A/National op/1988 (37)}) 11... O-O 12. Nc4 (12. Bf3 Rc8 13. Rc1 (13. Nc4 b5
14. Nxc6 Bxc6 15. Qxd8 Bxd8 16. Bxc6 Rxc6 17. Ne5 Rc2 18. Ba3 Bc7 $1 19. Nf3
Rd8 $11) 13... Nd5 14. Bxd5 exd5 15. Qh5 Nb4 16. Rxc8 Bxc8 17. a4 Nd3 18. Ba1
Bf6 19. Qe2 Ne5 20. h3 {Baikov,V-Suetin,A/Moscow4/1992/1/2-1/2 (51)}) 12... b5
(12... Rc8 13. Nf3 Qc7 14. Rc1 Rfd8 15. Qc2 h6 16. Qb1 Be8 17. a3 b5 18. Nce5
Qb6 19. b4 a5 20. Nxc6 Bxc6 21. Bd4 Qa6 22. Qb2 axb4 23. axb4 Qb7 {1/2-1/2
Hellsten,J-Yakovich,Y/Gistrup (01)/1996 (41)}) 13. Nxc6 (13. Nd2 Rc8 $11) 13...
Bxc6 14. Ne5 Qxd1 (14... Bd5 15. f3 $14) 15. Rfxd1 Bd5 16. Rac1 Rac8 (16...
Rfc8 $5) 17. f3 Bc5 18. Kf2 Bb7 19. Nd3 (19. Nd7 $5 Nxd7 20. Rxd7 Bc6 21. Rd3
Bb7 $14) 19... Bb6 20. Ba3 Rxc1 21. Rxc1 Rc8 22. Nc5 $2 (22. Rxc8+ Bxc8 23. Bc5
Bc7 $11) 22... Nd5 23. Kg3 Bxc5 (23... Nxe3 $2 24. Nxb7 $18) 24. Bxc5 (24. Rxc5
Nxe3 25. Rxc8+ Bxc8 $15) 24... b4 $1 25. Kf2 (25. Rc4 Nc3 26. Bf1 Nxa2 $17)
25... Nc3 26. Bxb4 (26. Bd4 Ne4+ $19) 26... Ne4+ 27. fxe4 Rxc1 28. Bd3 Ra1 29.
a4 (29. a3 a5 30. Be7 f6 $17) 29... Ra2+ 30. Kf3 f5 $1 (30... f5 $1 31. g3 Rb2
$19) 0-1

[Event "Interpolis"]
[Site "Tilburg"]
[Date "1992.10.08"]
[Round "1.1"]
[White "Vladimirov, Yevgeniy"]
[Black "Granda Zuniga, Julio E"]
[Result "1-0"]
[WhiteElo "2585"]
[BlackElo "2565"]
[Annotator "Ftacnik,L"]
[PlyCount "85"]
[EventDate "1992.10.08"]
[EventType "k.o."]
[EventRounds "7"]
[EventCountry "NED"]
[SourceTitle "CBM 032"]
[Source "ChessBase"]
[SourceDate "1993.02.01"]
[SourceVersion "1"]
[SourceVersionDate "1993.02.01"]
[SourceQuality "1"]

1. d4 d5 2. Nf3 Nf6 3. c4 c6 4. e3 e6 5. Bd3 dxc4 6. Bxc4 c5 7. O-O a6 8. a4
Nc6 9. Qe2 cxd4 10. Rd1 Be7 11. exd4 O-O 12. Nc3 Bd7 13. Ba2 (13. Ne5 Rc8 14.
Ba2 Nb4 15. Bb1 Bc6 16. Ra3 Nbd5 {Ojanen,K-Clarke,P/La Habana ol/1966/}) (13.
Bf4 Nb4 14. Ne5 Bc6 15. Nxc6 bxc6 16. a5 Nfd5 17. Be5 Re8 18. Bb3 Bf8 19. Rdc1
Re7 20. Ne4 Rb7 21. Bc4 f6 22. Bg3 f5 23. Nd2 f4 24. Qxe6+ Kh8 25. Bxf4 Re7 26.
Qf5 $16 {Gligoric,S-Miagmasuren,L/Sousse izt/1967/}) 13... Nb4 14. Bb1 Bc6 15.
Ne5 Qd6 16. a5 (16. Bf4 Nfd5 17. Bg3 f5 $5 18. Ng6 f4 19. Nxf8 Rxf8 20. Qe4 g6)
16... Rac8 17. Bg5 (17. Bf4 Rfe8 18. Bg3 Qd8 $13) 17... g6 18. h4 Nbd5 (18...
Rfd8 $5) 19. Ba2 Bd8 (19... Rfe8 20. Nc4 Qd8 $13) 20. Bb3 Bc7 (20... Nxc3 21.
bxc3 Ne4 $6 22. Bxd8 Nxc3 23. Qd3 $1 (23. Qd2 Ne4 24. Qe3 Rfxd8 25. Nxc6 Qxc6)
23... Nxd1 24. Bf6 $16) 21. Rd3 h5 (21... Nxc3 22. bxc3 Ne4 $2 23. Bf4 $1) 22.
Bc2 Nxc3 (22... Ng4 23. Ne4 (23. Nxg4 $6 hxg4 24. Rg3 f5 $15) 23... Qb4 24.
Nxg4 hxg4 25. Nf6+ Nxf6 26. Bxf6 $16) 23. bxc3 Ng4 24. Bf4 (24. Nxg4 hxg4 25.
Rg3 f5 26. Bb3 $13) 24... Qd5 25. Nxc6 bxc6 26. Bg5 (26. Bxc7 Rxc7 27. Rg3 c5
$132) 26... Qd6 27. Rh3 $1 Kg7 (27... Ra8 28. f3 Nh2 29. g3 $18) 28. Qxa6 Ra8
29. Qd3 Bxa5 30. Re1 Bd8 31. Bd2 Bf6 $2 (31... Nh6 $5 32. Rf3 $140 Nf5 $13) 32.
f3 Nh6 33. g4 $1 hxg4 34. fxg4 Nxg4 35. Rg3 Qd5 (35... Nh6 36. Rxg6+ $18) 36.
Rxg4 Qh5 37. Qg3 Ra2 38. Rc1 Rb8 39. Rxg6+ $1 fxg6 40. Qc7+ Be7 (40... Kh8 41.
Qxb8+ Kh7 42. Qc7+ Bg7 43. Bd1 Qxh4 44. Qf4 $18) 41. Qxe7+ Kh8 42. Qxe6 Rxc2
43. Rxc2 (43. Rxc2 Qd1+ 44. Qe1 $1 (44. Kg2 Rf8 $1) 44... Qxc2 45. Qe5+ Kh7 46.
Qc7+ $18) 1-0